Quản trị tài chính = Essentials of financial management
Tập sách sẽ giúp bạn đọc dễ dàng nắm bắt các quy luật trong dòng chảy tài chính – ngân hàng, có kiến thức tốt về hoạt động tài chính là yếu tố quyết định cho sự thành công trong kinh doanh. Sách còn có nội dung rất phù hợp với các bạn si...
Сохранить в:
| Главный автор: | |
|---|---|
| Формат: | |
| Язык: | Undetermined |
| Опубликовано: |
Hà Nội
Hồng Đức
2016
|
| Предметы: | |
| Метки: |
Добавить метку
Нет меток, Требуется 1-ая метка записи!
|
| Thư viện lưu trữ: | Trung tâm Học liệu Trường Đại học Cần Thơ |
|---|
| LEADER | 01261nam a2200253Ia 4500 | ||
|---|---|---|---|
| 001 | CTU_220924 | ||
| 008 | 210402s9999 xx 000 0 und d | ||
| 020 | |c 270000 | ||
| 082 | |a 658.15 | ||
| 082 | |b B855 | ||
| 100 | |a Brigham, Eugene F. | ||
| 245 | 0 | |a Quản trị tài chính = | |
| 245 | 0 | |b Essentials of financial management | |
| 245 | 0 | |c Eugene F. Brigham, Joel F. Houston ; Nguyễn Thị Cành (Chủ biên dịch) | |
| 260 | |a Hà Nội | ||
| 260 | |b Hồng Đức | ||
| 260 | |c 2016 | ||
| 520 | |a Tập sách sẽ giúp bạn đọc dễ dàng nắm bắt các quy luật trong dòng chảy tài chính – ngân hàng, có kiến thức tốt về hoạt động tài chính là yếu tố quyết định cho sự thành công trong kinh doanh. Sách còn có nội dung rất phù hợp với các bạn sinh viên, các thầy cô giáo chuyên ngành tài chính ngân hàng trong các trường Đại Học.. | ||
| 526 | |a Phân tích tài chính nông nghiệp | ||
| 526 | |b KT934 | ||
| 650 | |a Tài chính,Finance | ||
| 650 | |x Quản trị,Management | ||
| 904 | |i Tuyến | ||
| 980 | |a Trung tâm Học liệu Trường Đại học Cần Thơ | ||